| 000 | 00971nam a2200229Ii 4500 | ||
|---|---|---|---|
| 003 | JO-AjNU | ||
| 008 | 230605s9999||||xx |||||||||||||| ||und|| | ||
| 017 | _a2019/10/5194 | ||
| 020 | _a978-9957-92-227-6 | ||
| 040 |
_aJO-AjNU _bara _erda _cJO-AjNU |
||
| 041 | _aara | ||
| 050 | 1 | 4 | _aD157.2020 |
| 100 | 3 |
_aتأليف: الزيدي،مصعب حمادي, _eauthor _960164 |
|
| 245 | 0 | 0 | _aالغزو الفرنجي للمشرق الاسلامي حتى نهاية القرن الثالث عشر الميلادي |
| 250 | _aالطبعة الاولى | ||
| 264 | 3 | 1 | _aعمان: دار الفكر ناشرون وموزعون ، كتابي الصغير للنشر والتوزيع، 2020 |
| 300 |
_a324ص _b ويحتوي على قائمة مراجع من ص294ص- 324ص |
||
| 336 |
_atext _btxt _2rdacontent |
||
| 337 |
_aunmediated _bn _2rdamedia |
||
| 338 |
_avolume _bnc _2rdacarrier |
||
| 650 | 4 |
_aالحروب الصليبية -التاريخ الاسلامي _960165 |
|
| 999 |
_aA27115 _c30683 _d30683 |
||